[Event "Rated Blitz game"]
[Site "?"]
[Date "2021.05.03"]
[Round "?"]
[White "Shahnazcity"]
[Black "annaly1979"]
[Result "1-0"]
[WhiteElo "2487"]
[BlackElo "2412"]
[PlyCount "101"]
[EventDate "2021.??.??"]
[EventType "blitz"]

1. e4 e5 2. Nf3 d5 3. exd5 e4 4. Qe2 f5 5. d3 Nf6 6. Nbd2 Be7 7. dxe4 fxe4 8.
Nxe4 Nxe4 9. Qxe4 O-O 10. Bd3 Bf5 11. Qc4 Bxd3 12. Qxd3 Nd7 13. Be3 Bf6 14.
O-O-O b6 15. d6 Nc5 16. Qd5+ Kh8 17. Bxc5 bxc5 18. Qxc5 cxd6 19. Rxd6 Qb8 20.
c3 Rc8 21. Rc6 Re8 22. Re1 Qf4+ 23. Kc2 Rxe1 24. Nxe1 Rd8 25. Nd3 Qe4 26. Rd6
Qe2+ 27. Kb3 Rb8+ 28. Nb4 h6 29. Qxa7 Rf8 30. Qe3 Qb5 31. a4 Qf5 32. Re6 Qg6
33. Qe4 Qf7 34. Qd5 Qa7 35. Qd6 Rd8 36. Qf4 Qf7 37. Qc4 Rd2 38. Rc6 Qg6 39.
Rc8+ Kh7 40. a5 Qf5 41. Qg8+ Kg6 42. Qe8+ Kh7 43. f3 Qb1 44. Qe4+ Qxe4 45. fxe4
Rxg2 46. a6 Bg5 47. a7 Bc1 48. a8=Q Rxb2+ 49. Kc4 Rxh2 50. Rh8+ Kg6 51. Qe8+ {
Time forfeit} 1-0

[Event "Rated Blitz game"]
[Site "?"]
[Date "2021.05.03"]
[Round "?"]
[White "lipa2019"]
[Black "pasha1984"]
[Result "0-1"]
[WhiteElo "2378"]
[BlackElo "2417"]
[PlyCount "64"]
[EventDate "2021.??.??"]
[EventType "blitz"]

1. e4 e5 2. Nf3 d5 3. Nxe5 dxe4 4. d4 Bd6 5. Nc4 Nc6 6. Nxd6+ Qxd6 7. Bc4 Qxd4
8. Qe2 Nf6 9. h3 Bf5 10. Nc3 O-O 11. Bf4 Ne5 12. Bxe5 Qxe5 13. O-O Rad8 14.
Rad1 c6 15. a4 h6 16. Qe3 b6 17. Ne2 Qxb2 18. Ng3 Bg6 19. Bb3 Qe5 20. f4 Qc5
21. Qxc5 bxc5 22. f5 Bh7 23. Kf2 Rd4 24. c3 Rd3 25. Rxd3 exd3 26. Ke3 Rd8 27.
Kd2 Nd5 28. Rf3 Ne7 29. Rxd3 Rxd3+ 30. Kxd3 Nxf5 31. Nxf5 Bxf5+ 32. Kc4 Be6+ {
Normal} 0-1

[Event "Rated Blitz game"]
[Site "?"]
[Date "2021.05.03"]
[Round "?"]
[White "gefuehlter_FM"]
[Black "Arkadag2020"]
[Result "1/2-1/2"]
[WhiteElo "2736"]
[BlackElo "2541"]
[PlyCount "171"]
[EventDate "2021.??.??"]
[EventType "blitz"]

1. e4 e5 2. Nf3 d5 3. Nxe5 Bd6 4. d4 Nf6 5. exd5 Nxd5 6. Be2 O-O 7. O-O Nc6 8.
c4 Nf6 9. Bf4 Re8 10. Nxc6 bxc6 11. Bxd6 cxd6 12. Bf3 d5 13. Nc3 Rb8 14. cxd5
cxd5 15. Na4 Bd7 16. b3 Bxa4 17. bxa4 Qa5 18. Rb1 Rxb1 19. Qxb1 Qxa4 20. Rd1 g6
21. g3 Kg7 22. Kg2 h5 23. h4 Rc8 24. Qb3 Qxb3 25. axb3 Rc3 26. Rb1 Rd3 27. Be2
Rxd4 28. b4 Rd2 29. Kf1 Ra2 30. Rd1 Rb2 31. b5 Ne4 32. Ra1 Nc3 33. Bf3 Nxb5 34.
Bxd5 Rd2 35. Bc4 Nd6 36. Be2 Nc8 37. Ba6 Nb6 38. Bb5 Rd5 39. Bc6 Rd6 40. Bb5
Rd5 41. Bc6 Rc5 42. Bf3 Rc7 43. Kg2 Nd7 44. Ra2 Ne5 45. Be4 f5 46. Bf3 Nd3 47.
Be2 Nb4 48. Rb2 a5 49. Rb3 Ra7 50. Ra3 Nc2 51. Ra4 Nb4 52. Bf3 Kf6 53. Bd1 Ke5
54. Ra1 Kd4 55. Ba4 Kc3 56. Rd1 Ra6 57. Bb5 Rb6 58. Ba4 Nd3 59. Ra1 Kb2 60. Rd1
Rd6 61. Be8 Kb3 62. Bxg6 Rxg6 63. Rxd3+ Kb4 64. Rf3 a4 65. Rf4+ Kb3 66. Rxf5
Ra6 67. Rxh5 a3 68. Re5 a2 69. Re3+ Kc4 70. Re1 a1=Q 71. Rxa1 Rxa1 72. Kh3 Kd5
73. f4 Ke6 74. Kg4 Rg1 75. h5 Kf6 76. Kh4 Rh1+ 77. Kg4 Kg7 78. f5 Rg1 79. Kg5
Rxg3+ 80. Kf4 Ra3 81. Kg4 Ra4+ 82. Kg5 Ra5 83. h6+ Kh7 84. Kh5 Rxf5+ 85. Kg4
Kxh6 86. Kxf5 {Normal} 1/2-1/2

[Event "Rated Blitz game"]
[Site "?"]
[Date "2021.05.03"]
[Round "?"]
[White "FlyingPenguin06"]
[Black "hkn967"]
[Result "1/2-1/2"]
[WhiteElo "2406"]
[BlackElo "2408"]
[PlyCount "42"]
[EventDate "2021.??.??"]
[EventType "blitz"]

1. e4 e5 2. Nf3 d5 3. exd5 e4 4. Ne5 Bd6 5. d4 Nf6 6. c4 O-O 7. Be2 c6 8. dxc6
Nxc6 9. Nxc6 bxc6 10. O-O Rb8 11. Nc3 h6 12. b3 Qa5 13. Qc2 Re8 14. h3 Qf5 15.
Be3 Qg6 16. Kh1 Bxh3 17. gxh3 Qf5 18. Kg2 Qg6+ 19. Kh1 Qf5 20. Kg2 Qg6+ 21. Kh1
Qf5 {Normal} 1/2-1/2

[Event "Rated Blitz game"]
[Site "?"]
[Date "2021.05.03"]
[Round "?"]
[White "Naruito64"]
[Black "Ion_Nicolescu"]
[Result "1-0"]
[WhiteElo "2446"]
[BlackElo "2322"]
[PlyCount "41"]
[EventDate "2021.??.??"]
[EventType "blitz"]

1. e4 e5 2. Nf3 d5 3. Nc3 d4 4. Ne2 Nc6 5. d3 Bg4 6. Ng3 Bxf3 7. Qxf3 Qf6 8.
Qxf6 Nxf6 9. Be2 Nb4 10. Bd1 c5 11. f4 Bd6 12. Nf5 Kd7 13. Nxd6 Kxd6 14. fxe5+
Kxe5 15. O-O b6 16. g4 h6 17. h4 Rh7 18. g5 hxg5 19. hxg5 Nh5 20. Rxf7 Rah8 21.
g6 {Normal} 1-0

[Event "Rated Blitz game"]
[Site "?"]
[Date "2021.05.03"]
[Round "?"]
[White "Lorita16"]
[Black "hkn967"]
[Result "0-1"]
[WhiteElo "2304"]
[BlackElo "2400"]
[PlyCount "54"]
[EventDate "2021.??.??"]
[EventType "blitz"]

1. e4 e5 2. Nf3 d5 3. exd5 e4 4. Ne5 Bd6 5. d4 Nf6 6. Bg5 O-O 7. Nc3 Nbd7 8.
Nxd7 Bxd7 9. Be2 Re8 10. O-O h6 11. Bh4 Bf4 12. Bg3 Bxg3 13. hxg3 e3 14. f3 Qe7
15. g4 Qd6 16. Bc4 Qf4 17. Ne2 Qg5 18. Bb3 h5 19. gxh5 Nxh5 20. g4 Bxg4 21.
fxg4 Qxg4+ 22. Kh2 Qh4+ 23. Kg2 Qg4+ 24. Kh2 Qh4+ 25. Kg2 Re4 26. Ng1 Qg3+ 27.
Kh1 Rh4+ {Normal} 0-1

[Event "Rated Blitz game"]
[Site "?"]
[Date "2021.05.03"]
[Round "?"]
[White "stachista"]
[Black "annaly1979"]
[Result "0-1"]
[WhiteElo "2478"]
[BlackElo "2392"]
[PlyCount "50"]
[EventDate "2021.??.??"]
[EventType "blitz"]

1. e4 e5 2. Nf3 d5 3. exd5 e4 4. Qe2 f5 5. d3 Nf6 6. Nbd2 Be7 7. dxe4 fxe4 8.
Nxe4 Nxe4 9. Qxe4 O-O 10. Be3 Bf5 11. Qc4 Bd6 12. Bd3 Bxd3 13. Qxd3 Nd7 14.
O-O-O Nc5 15. Qd4 b6 16. Bg5 Qe8 17. Rhe1 Qg6 18. Be7 Rf4 19. Qe3 Re8 20. Ne5
Qf5 21. g4 Rxg4 22. Nxg4 Bf4 23. Bxc5 bxc5 24. Kb1 Bxe3 25. Nxe3 Qxf2 {Normal}
0-1

[Event "Rated Blitz game"]
[Site "?"]
[Date "2021.05.03"]
[Round "?"]
[White "Kasubo"]
[Black "KinzyabulatovRenat"]
[Result "0-1"]
[WhiteElo "2430"]
[BlackElo "2359"]
[PlyCount "84"]
[EventDate "2021.??.??"]
[EventType "blitz"]

1. e4 e5 2. Nf3 d5 3. Nxe5 Bd6 4. d4 dxe4 5. Nc3 Bxe5 6. dxe5 Qxd1+ 7. Kxd1 Bf5
8. h3 h5 9. Bb5+ c6 10. Bc4 Nd7 11. Bf4 Ne7 12. Re1 Ng6 13. Bg3 h4 14. Bh2
Ndxe5 15. Nxe4 O-O-O+ 16. Kc1 Nxc4 17. Ng5 Rd7 18. b3 Nb6 19. a4 a5 20. Kb2
Rhd8 21. g4 hxg3 22. Bxg3 f6 23. Ne6 Bxe6 24. Rxe6 Re7 25. Rae1 Rde8 26. Rxe7
Rxe7 27. Rg1 Ne5 28. Bf4 g5 29. Be3 Nd5 30. Bc5 Rh7 31. Rg3 b6 32. Bd4 Kd7 33.
c4 Nf4 34. Bxb6 Rxh3 35. Bxa5 Rh2 36. Bb6 c5 37. a5 Kc6 38. Bd8 Rxf2+ 39. Ka3
Ne6 40. Be7 Nd4 41. b4 Nxc4+ 42. Ka4 Ra2+ {Normal} 0-1

[Event "Rated Blitz game"]
[Site "?"]
[Date "2021.05.03"]
[Round "?"]
[White "ferdipy"]
[Black "KinzyabulatovRenat"]
[Result "0-1"]
[WhiteElo "2416"]
[BlackElo "2371"]
[PlyCount "60"]
[EventDate "2021.??.??"]
[EventType "blitz"]

1. e4 e5 2. Nf3 d5 3. Nxe5 Bd6 4. d4 dxe4 5. Nc4 Nf6 6. Nc3 O-O 7. Be2 Nc6 8.
Nxd6 Qxd6 9. Be3 Bf5 10. O-O Rad8 11. Nb5 Qd7 12. c3 a6 13. Na3 Nd5 14. c4 Ndb4
15. d5 Ne5 16. Bc5 Nbd3 17. Rb1 Rfe8 18. Be3 Qd6 19. Nc2 Nxc4 20. Nd4 Bg6 21.
b3 Nce5 22. f4 exf3 23. Nxf3 Qxd5 24. Nxe5 Rxe5 25. Bc1 Be4 26. Ba3 Bxg2 27.
Re1 Nxe1 28. Qxe1 Bf3 29. Rd1 Qxd1 30. Bxd1 Rxe1+ {Normal} 0-1

[Event "Rated Blitz game"]
[Site "?"]
[Date "2021.05.03"]
[Round "?"]
[White "Aagaard_Student"]
[Black "jsequera"]
[Result "1-0"]
[WhiteElo "2474"]
[BlackElo "2482"]
[PlyCount "113"]
[EventDate "2021.??.??"]
[EventType "blitz"]

1. e4 e5 2. Nf3 d5 3. exd5 e4 4. Ne5 Qxd5 5. Nc4 Nc6 6. Nc3 Qe6 7. Be2 Bd7 8.
O-O O-O-O 9. d3 Nf6 10. dxe4 Nxe4 11. Nxe4 Qxe4 12. Bd3 Qh4 13. Qf3 Be6 14. b3
Nb4 15. Be4 Bd5 16. Bxd5 Nxd5 17. Rd1 c6 18. Qxf7 Bc5 19. Ne3 Rhf8 20. Qe6+ Kb8
21. Rf1 Nxe3 22. Bxe3 Bxe3 23. fxe3 Rfe8 24. Qf7 Qh6 25. Qf4+ Qxf4 26. exf4 Re2
27. Rf2 Rdd2 28. Rxe2 Rxe2 29. Rc1 Kc7 30. Kf1 Rd2 31. a3 Kb6 32. c4 Kc5 33.
Re1 Rb2 34. b4+ Kxc4 35. Re7 b5 36. Rxg7 Kb3 37. Rxa7 Ra2 38. f5 Kc4 39. f6 Rd2
40. f7 Rd8 41. Ke2 Rf8 42. Ke3 Kd5 43. g4 Ke6 44. Rc7 Kf6 45. Rxc6+ Kxf7 46.
Rb6 Ra8 47. Rxb5 Rxa3+ 48. Kf4 Rh3 49. Rh5 Rb3 50. b5 Kg6 51. Rc5 Rb4+ 52. Kg3
Rb2 53. h3 Kg7 54. Kh4 Rb3 55. Kg5 Rxh3 56. Rc7+ Kg8 57. b6 {Time forfeit} 1-0

[Event "Rated Blitz game"]
[Site "?"]
[Date "2021.05.03"]
[Round "?"]
[White "vit2014"]
[Black "hkn967"]
[Result "1-0"]
[WhiteElo "2430"]
[BlackElo "2408"]
[PlyCount "115"]
[EventDate "2021.??.??"]
[EventType "blitz"]

1. e4 e5 2. Nf3 d5 3. Nxe5 Bd6 4. d4 dxe4 5. f4 Nf6 6. Bc4 O-O 7. O-O c5 8. c3
Nc6 9. Be3 cxd4 10. cxd4 Na5 11. Be2 Nd5 12. Qd2 Bb4 13. Nc3 f6 14. Nc4 Be6 15.
Nxa5 Qxa5 16. Bc4 Bxc3 17. bxc3 Rfc8 18. Bxd5 Bxd5 19. Rfc1 Rc7 20. Qb2 Rac8
21. Qb4 Qa6 22. a4 Qd3 23. Re1 Qxc3 24. Qxc3 Rxc3 25. Rac1 f5 26. Rxc3 Rxc3 27.
Kf2 Rc2+ 28. Re2 Rc4 29. Ra2 Kf7 30. a5 Ke6 31. Ra3 Rc2+ 32. Kf1 Bc4+ 33. Kg1
Kd5 34. h3 Re2 35. g4 g6 36. gxf5 gxf5 37. Bf2 b5 38. axb6 axb6 39. Re3 Rxf2
40. Kxf2 Kxd4 41. Rg3 b5 42. Rg7 b4 43. Rd7+ Kc3 44. Ke3 b3 45. Rxh7 b2 46. Rb7
Bb3 47. Rc7+ Bc4 48. Rb7 Bb3 49. Rc7+ Kb4 50. Rb7+ Kc4 51. Rc7+ Kd5 52. Rd7+
Kc6 53. Rd2 b1=Q 54. h4 Qe1+ 55. Re2 Qg3+ 56. Kd2 Qd3+ 57. Ke1 e3 58. Kf1 {
Time forfeit} 1-0

[Event "Rated Blitz game"]
[Site "?"]
[Date "2021.05.03"]
[Round "?"]
[White "Glig"]
[Black "annaly1979"]
[Result "1/2-1/2"]
[WhiteElo "2489"]
[BlackElo "2414"]
[PlyCount "115"]
[EventDate "2021.??.??"]
[EventType "blitz"]

1. e4 e5 2. Nf3 d5 3. Nxe5 Qe7 4. d4 f6 5. Nd3 Nc6 6. c3 Bf5 7. Be3 Bxe4 8. Nd2
Qf7 9. f3 Bf5 10. g4 Bg6 11. Nf4 Bd6 12. Nxg6 hxg6 13. h4 Rxh4 14. Rxh4 Bg3+
15. Bf2 Bxh4 16. Bxh4 O-O-O 17. Kf2 g5 18. Bg3 Nge7 19. Bd3 Ng6 20. Qc2 Nf4 21.
Bxf4 gxf4 22. Bg6 Qe7 23. Re1 Qd6 24. Qf5+ Kb8 25. Qe6 Qf8 26. Kg2 a6 27. b4
Ka7 28. a4 Nb8 29. Qe7 Nc6 30. Qc5+ Kb8 31. Qxf8 Rxf8 32. Re8+ Rxe8 33. Bxe8
Ne7 34. Bf7 Kc8 35. Be6+ Kd8 36. c4 c6 37. c5 g5 38. Nb1 Ng6 39. Kf2 Kc7 40.
Nc3 Nf8 41. Bf5 Kd8 42. b5 axb5 43. axb5 Kc7 44. bxc6 bxc6 45. Ke2 Kb7 46. Kd2
Ka6 47. Kc2 Ka5 48. Kb3 Ka6 49. Kb4 Ka7 50. Ka5 Kb7 51. Na4 Ka7 52. Nb6 Kb7 53.
Nd7 Nxd7 54. Bxd7 Kc7 55. Bf5 Kb7 56. Bd7 Kc7 57. Be8 Kb7 58. Bd7 {Normal}
1/2-1/2

[Event "Rated Blitz game"]
[Site "?"]
[Date "2021.05.03"]
[Round "?"]
[White "RokVr"]
[Black "annaly1979"]
[Result "1-0"]
[WhiteElo "2477"]
[BlackElo "2421"]
[PlyCount "129"]
[EventDate "2021.??.??"]
[EventType "blitz"]

1. e4 e5 2. Nf3 d5 3. exd5 e4 4. Qe2 f5 5. d3 Nf6 6. dxe4 fxe4 7. Nd4 Bd6 8.
Nc3 O-O 9. Be3 Bg4 10. Qb5 a6 11. Qxb7 Nbd7 12. Nc6 Qe8 13. Bxa6 Qg6 14. Bc4
Kh8 15. a4 Ne5 16. Nxe5 Bxe5 17. Bb3 Rfb8 18. Qc6 Bd7 19. Qc4 Bd6 20. O-O-O Rb4
21. Qe2 Bxa4 22. Nxa4 Rbxa4 23. Bxa4 Rxa4 24. Qb5 Rb4 25. Qc6 h6 26. b3 Qh5 27.
h3 Qe5 28. Kd2 Nxd5 29. Ke2 Nxe3 30. fxe3 Qg3 31. Rhg1 Rb8 32. Qxe4 Rf8 33.
Rdf1 Rd8 34. Rf3 Qg5 35. g4 Qb5+ 36. Qc4 Qg5 37. Rd1 Re8 38. Kf2 Bc5 39. Rd3
Bb6 40. Qf4 Qh4+ 41. Kg2 Qe1 42. Rf1 Qh4 43. g5 hxg5 44. Qxh4+ gxh4 45. Rf3 Kh7
46. Kf1 Kh6 47. Ke2 Ra8 48. Rf4 g5 49. Rf5 Ra2 50. Kd2 Ra1 51. Rdd5 Rh1 52.
Rxg5 Rxh3 53. Rh5+ Kg6 54. Rhe5 Rh2+ 55. Kd3 h3 56. Re6+ Kf7 57. Rh6 Rh1 58.
Rdh5 Rd1+ 59. Ke2 Rc1 60. Kd2 Rg1 61. Rxh3 Rg2+ 62. Kd3 Rg1 63. Rh7+ Ke6 64.
R3h6+ Kd5 65. Rxb6 {Time forfeit} 1-0

[Event "Rated Blitz game"]
[Site "?"]
[Date "2021.05.03"]
[Round "?"]
[White "Mikasinski"]
[Black "KinzyabulatovRenat"]
[Result "0-1"]
[WhiteElo "2606"]
[BlackElo "2356"]
[PlyCount "102"]
[EventDate "2021.??.??"]
[EventType "blitz"]

1. e4 e5 2. Nf3 d5 3. Nxe5 Bd6 4. d4 dxe4 5. Nc4 Nf6 6. Nc3 O-O 7. Nxd6 Qxd6 8.
Be2 Nc6 9. Be3 Bf5 10. O-O Rad8 11. Qd2 Nxd4 12. Rad1 Nxe2+ 13. Qxe2 Qe5 14. h3
a6 15. Rxd8 Rxd8 16. Rd1 Rxd1+ 17. Qxd1 Qd6 18. Qxd6 cxd6 19. Bd4 Ne8 20. g4
Be6 21. Nxe4 Bxa2 22. Nc3 Be6 23. f4 f5 24. g5 h6 25. h4 hxg5 26. hxg5 Kf7 27.
Kf2 b5 28. Ne2 Bd5 29. Ng3 g6 30. b4 Nc7 31. c3 Ne6 32. Ke3 Bg2 33. Ne2 Bf1 34.
Nc1 Bc4 35. Bf6 Ke8 36. Bh8 Kd7 37. Bd4 Kc6 38. Bf6 Kd5 39. Bh8 Kc6 40. Bd4
Nxd4 41. Kxd4 Kb6 42. Ke3 a5 43. bxa5+ Kxa5 44. Kd4 Ka4 45. Nd3 Bxd3 46. Kxd3
Kb3 47. Kd4 Kc2 48. Kd5 Kxc3 49. Kxd6 b4 50. Ke6 b3 51. Kf6 b2 {Normal} 0-1

[Event "Rated Blitz game"]
[Site "?"]
[Date "2021.05.02"]
[Round "?"]
[White "abrito99"]
[Black "KamranShirazi"]
[Result "1-0"]
[WhiteElo "2558"]
[BlackElo "2511"]
[PlyCount "61"]
[EventDate "2021.??.??"]
[EventType "blitz"]

1. e4 e5 2. Nf3 d5 3. Nxe5 Bd6 4. d4 dxe4 5. Nc4 Be7 6. Ne3 f5 7. c4 c6 8. Nc3
f4 9. Nc2 Nf6 10. Bxf4 O-O 11. Qd2 Ng4 12. h3 Nxf2 13. Qxf2 g5 14. O-O-O Rxf4
15. Qe1 g4 16. g3 Rf3 17. Be2 Bg5+ 18. Kb1 gxh3 19. Bxf3 exf3 20. d5 c5 21. d6
Bf5 22. Rd5 Bg6 23. Qe6+ Bf7 24. Qxh3 h6 25. Rxg5+ Qxg5 26. Qc8+ Kg7 27. Qxb7
f2 28. Qxa8 Qxg3 29. Rf1 Bxc4 30. Qb7+ Kf6 31. Ne4+ {Normal} 1-0

[Event "Rated Blitz game"]
[Site "?"]
[Date "2021.05.02"]
[Round "?"]
[White "quarkonio"]
[Black "ferricerve"]
[Result "0-1"]
[WhiteElo "2443"]
[BlackElo "2514"]
[PlyCount "126"]
[EventDate "2021.??.??"]
[EventType "blitz"]

1. e4 e5 2. Nf3 d5 3. exd5 e4 4. Ne5 Qxd5 5. d4 exd3 6. Nxd3 Nf6 7. Nc3 Qe6+ 8.
Be2 Bd6 9. O-O O-O 10. Re1 Nc6 11. Bf3 Qd7 12. Bg5 Ng4 13. Bxg4 Qxg4 14. Qxg4
Bxg4 15. Nb5 f6 16. Nxd6 cxd6 17. Bf4 Ne5 18. Nb4 Rac8 19. f3 Bf5 20. Nd5 Kf7
21. c3 Be6 22. Rad1 a5 23. Bg3 Rc5 24. Ne3 d5 25. Nc2 Nc4 26. Nd4 Re8 27. Re2
Bd7 28. Rde1 Rxe2 29. Rxe2 b5 30. b3 Ne5 31. Re3 Ng6 32. h4 h5 33. Kf2 b4 34.
cxb4 axb4 35. Re2 Rc1 36. Rc2 Ra1 37. Bd6 Ne5 38. Ke2 Kg6 39. Bxb4 Bf5 40. Rd2
Bd7 41. Bc3 Rc1 42. Bb2 Rb1 43. a4 Bc8 44. a5 Ba6+ 45. Kf2 Nd3+ 46. Rxd3 Bxd3
47. Bc3 Ba6 48. b4 Kf7 49. Ke3 g6 50. Kd2 Rg1 51. b5 Rxg2+ 52. Ke3 Bxb5 53.
Nxb5 Ra2 54. Kd4 g5 55. hxg5 fxg5 56. Kxd5 h4 57. Nd6+ Kg6 58. Nc4 h3 59. Be5
Kf5 60. Bc7 h2 61. Bxh2 Rxh2 62. Kc6 Ra2 63. Kb6 Kf4 {Normal} 0-1

[Event "Rated Blitz game"]
[Site "?"]
[Date "2021.05.02"]
[Round "?"]
[White "Orsanchez"]
[Black "Yucatan2000"]
[Result "1-0"]
[WhiteElo "2515"]
[BlackElo "2444"]
[PlyCount "40"]
[EventDate "2021.??.??"]
[EventType "blitz"]

1. e4 e5 2. Nf3 d5 3. d4 dxe4 4. Nxe5 Nc6 5. Bb5 Bd7 6. Nxd7 Qxd7 7. d5 a6 8.
dxc6 Qxd1+ 9. Kxd1 axb5 10. cxb7 Rb8 11. Nc3 Rxb7 12. Nxe4 Be7 13. Be3 Nf6 14.
Nc5 Bxc5 15. Bxc5 Ne4 16. Re1 f5 17. f3 Kf7 18. fxe4 Rd8+ 19. Ke2 fxe4 20. Rad1
Rd5 {Normal} 1-0

[Event "Rated Blitz tournament kakvUDcg"]
[Site "?"]
[Date "2021.05.02"]
[Round "?"]
[White "vitezizgorobilja"]
[Black "Maltinho"]
[Result "1-0"]
[WhiteElo "2376"]
[BlackElo "2527"]
[PlyCount "63"]
[EventDate "2021.??.??"]
[EventType "blitz"]

1. e4 e5 2. Nf3 d5 3. d4 Bd6 4. Nxe5 dxe4 5. Nc4 Nf6 6. Be2 Nc6 7. c3 h6 8. O-O
O-O 9. Nxd6 Qxd6 10. f3 Re8 11. fxe4 Nxe4 12. Bf4 Qe7 13. Bf3 Ng5 14. Nd2 Nxf3+
15. Qxf3 Be6 16. Qg3 Kh8 17. Bxc7 Bd5 18. Rae1 Qd7 19. c4 Nxd4 20. cxd5 Ne2+
21. Rxe2 Rxe2 22. Be5 f6 23. Bc3 Qxd5 24. Nf3 Rae8 25. a3 Qd3 26. h3 Qe3+ 27.
Kh2 Qe4 28. Nh4 g5 29. Nf5 Kh7 30. Qc7+ Kg6 31. Qg7+ Kh5 32. Qf7# {Normal} 1-0

[Event "Rated Blitz game"]
[Site "?"]
[Date "2021.05.02"]
[Round "?"]
[White "afchex"]
[Black "DonCroccante"]
[Result "0-1"]
[WhiteElo "2478"]
[BlackElo "2382"]
[PlyCount "110"]
[EventDate "2021.??.??"]
[EventType "blitz"]

1. e4 e5 2. Nf3 d5 3. Nxe5 Bd6 4. d4 dxe4 5. Bc4 Bxe5 6. Qh5 Qe7 7. dxe5 Nc6 8.
Bf4 Be6 9. Bxe6 Qxe6 10. O-O O-O-O 11. Nc3 f5 12. Rad1 Rxd1 13. Rxd1 Nge7 14.
Qh3 h6 15. Nxe4 g5 16. Nxg5 Qc4 17. Be3 Qxc2 18. Rc1 Qxb2 19. Nf7 Rh7 20. e6
Qxa2 21. Ng5 Rg7 22. Qxh6 Rg6 23. Qh8+ Rg8 24. Qh7 Qd5 25. h4 b6 26. Qf7 Kb7
27. h5 f4 28. Bxf4 Rxg5 29. Bxg5 Qxg5 30. Rc3 Nf5 31. Rf3 Qc1+ 32. Kh2 Nd6 33.
Qf4 Qc5 34. e7 Nxe7 35. h6 Qh5+ 36. Kg1 Nef5 37. Rh3 Qe8 38. Kh2 Qh8 39. h7 Ne7
40. Qg5 Ng6 41. Qxg6 Ne8 42. Qg8 Qe5+ 43. g3 Nd6 44. h8=Q Qc5 45. Qf6 Ka6 46.
Qgg7 Ka5 47. Qgg5 Kb4 48. Qxc5+ bxc5 49. Rh4+ c4 50. Qf4 Kb5 51. Qd4 Kb4 52.
Qd5 a5 53. Rh5 Kb3 54. Qc5 a4 55. Qa5 Kc2 {Time forfeit} 0-1

[Event "Rated Blitz game"]
[Site "?"]
[Date "2021.05.02"]
[Round "?"]
[White "extermo44"]
[Black "DarthZannah"]
[Result "1-0"]
[WhiteElo "2458"]
[BlackElo "2526"]
[PlyCount "147"]
[EventDate "2021.??.??"]
[EventType "blitz"]

1. e4 e5 2. Nf3 d5 3. exd5 e4 4. Qe2 Nf6 5. d3 Qxd5 6. Nbd2 e3 7. Qxe3+ Be6 8.
Be2 Bd6 9. O-O Nc6 10. d4 Ng4 11. Qd3 O-O-O 12. h3 Bf5 13. Qb5 Nf6 14. Qxd5
Nxd5 15. c3 Rhe8 16. Bb5 Nf4 17. Nc4 Ne2+ 18. Kh1 Be4 19. Nxd6+ Rxd6 20. Bxe2
Bd5 21. Be3 f5 22. Bb5 h6 23. Ne5 g5 24. Bxc6 bxc6 25. f3 g4 26. fxg4 fxg4 27.
hxg4 c5 28. Rf5 cxd4 29. cxd4 Be4 30. Rf4 Bb7 31. Rc1 Rb6 32. b3 Ra6 33. Rc2
Rae6 34. Rf7 R6e7 35. Rxe7 Rxe7 36. Kh2 Re6 37. Kg3 Kd8 38. Rc1 Bd5 39. Rh1 Ra6
40. Rxh6 Rxa2 41. Bg5+ Kc8 42. Nf3 Bxb3 43. Bf4 a5 44. Rh7 Rc2 45. Rh1 a4 46.
Ra1 Kd7 47. g5 Ke6 48. d5+ Kxd5 49. g6 Ke6 50. Nd4+ Kf6 51. Nxc2 Bxc2 52. Bxc7
Kxg6 53. Kf4 Kf6 54. Bd6 Bb3 55. Ba3 Bc2 56. g4 Bb3 57. Rc1 Be6 58. Rc6 Kf7 59.
Rxe6 Kxe6 60. g5 Kf7 61. Kf5 Kg7 62. g6 Kg8 63. Kf6 Kh8 64. Bb2 Kg8 65. Ba1 a3
66. Bd4 a2 67. Ba1 Kf8 68. g7+ Kg8 69. Bb2 Kh7 70. Kf7 a1=Q 71. Bxa1 Kh6 72.
g8=Q Kh5 73. Qg3 Kh6 74. Qg6# {Normal} 1-0

[Event "Rated Blitz game"]
[Site "?"]
[Date "2021.05.02"]
[Round "?"]
[White "Tal99"]
[Black "jsequera"]
[Result "0-1"]
[WhiteElo "2430"]
[BlackElo "2470"]
[PlyCount "118"]
[EventDate "2021.??.??"]
[EventType "blitz"]

1. e4 e5 2. Nf3 d5 3. Nxe5 Bd6 4. d4 dxe4 5. Be2 Bxe5 6. dxe5 Qxd1+ 7. Bxd1 Nc6
8. Bf4 Nge7 9. Nc3 Ng6 10. Bg3 Bf5 11. O-O O-O-O 12. Re1 Rd4 13. f3 Rhd8 14.
fxe4 Be6 15. Nd5 Ncxe5 16. Ne7+ Kb8 17. Nf5 Rd2 18. Nxg7 Nc4 19. b3 Nb2 20.
Nxe6 fxe6 21. Bg4 e5 22. Rac1 Nf4 23. Bxf4 exf4 24. e5 Rg8 25. h3 h5 26. e6
hxg4 27. e7 Re8 28. hxg4 Kc8 29. Kf1 Kd7 30. Re2 Rd1+ 31. Rxd1+ Nxd1 32. Rd2+
Kxe7 33. Rxd1 Rg8 34. Kf2 Rxg4 35. Rh1 Rg3 36. c4 Rc3 37. Rh7+ Kd6 38. Rf7 Rc2+
39. Kf3 Rxa2 40. Rxf4 Ra3 41. Rd4+ Kc5 42. Rd3 a5 43. Kf4 c6 44. g4 a4 45. g5
Rxb3 46. Rxb3 axb3 47. g6 b2 48. g7 b1=Q 49. g8=Q Qf1+ 50. Ke3 Qxc4 51. Qf8+
Kb5 52. Qf6 Qc5+ 53. Kd3 Qd5+ 54. Kc2 b6 55. Kb2 Qd2+ 56. Kb1 c5 57. Qg6 c4 58.
Qe8+ Kb4 59. Qe7+ Kb3 {Time forfeit} 0-1

[Event "Rated Blitz game"]
[Site "?"]
[Date "2021.05.02"]
[Round "?"]
[White "DeepFry07"]
[Black "anjaya01"]
[Result "1/2-1/2"]
[WhiteElo "2290"]
[BlackElo "2402"]
[PlyCount "174"]
[EventDate "2021.??.??"]
[EventType "blitz"]

1. e4 e5 2. Nf3 d5 3. exd5 Bd6 4. d3 f5 5. Nc3 Nf6 6. Bg5 O-O 7. Be2 a6 8. O-O
h6 9. Bxf6 Qxf6 10. Nd2 b5 11. a3 Nd7 12. f4 Rf7 13. fxe5 Bxe5 14. Bf3 g5 15.
Nb3 Bd6 16. Bh5 Re7 17. Re1 Bb7 18. Rxe7 Qxe7 19. Bf3 Qe3+ 20. Kh1 Re8 21. Nd2
Nf6 22. Nf1 Qf2 23. Qd2 Qh4 24. g3 Qd4 25. Re1 Rxe1 26. Qxe1 Bc8 27. Kg2 Kg7
28. h3 h5 29. Qe3 Qxe3 30. Nxe3 g4 31. hxg4 hxg4 32. Be2 Nh5 33. Nf1 Kf6 34.
Kf2 Bc5+ 35. Kg2 Ke5 36. Nd2 Bb7 37. Nb3 Be3 38. a4 b4 39. Nd1 Bxd5+ 40. Kf1
Nxg3+ 41. Ke1 Ba7 42. c4 Bc6 43. Nf2 Bxa4 44. Nd2 Be3 45. b3 Bd7 46. Nf1 Nxf1
47. Kxf1 c5 48. Nd1 Bd4 49. Nf2 a5 50. Bd1 g3 51. Nh3 f4 52. Ng5 Bf5 53. Bc2
Kf6 54. Nf3 Be3 55. Kg2 Bg4 56. Nh4 Kg5 57. Nf3+ Kh5 58. Ne5 Be2 59. Nf3 Bxf3+
60. Kxf3 Kh4 61. Kg2 Kg5 62. Bd1 Kf5 63. Kf3 Ke5 64. Ke2 Kd4 65. Kf3 Kc3 66.
Be2 Kxb3 67. Bf1 a4 68. Ke4 a3 69. Be2 a2 70. Bd1+ Kc3 71. Bg4 a1=Q 72. Bf5 Qb1
73. Bg4 Qxd3+ 74. Kf3 Qxc4 75. Bf5 Qd3 76. Bxd3 Kxd3 77. Kg2 c4 78. Kf3 c3 79.
Kg2 c2 80. Kf3 b3 81. Kg4 Ke4 82. Kh3 Kf5 83. Kg2 Kg4 84. Kf1 b2 85. Ke2 b1=Q
86. Kd3 c1=Q+ 87. Ke2 Qc5 {Normal} 1/2-1/2

[Event "Rated Blitz game"]
[Site "?"]
[Date "2021.05.02"]
[Round "?"]
[White "HannHagen"]
[Black "Killerrhino"]
[Result "1-0"]
[WhiteElo "2403"]
[BlackElo "2398"]
[PlyCount "157"]
[EventDate "2021.??.??"]
[EventType "blitz"]

1. e4 e5 2. Nf3 d5 3. exd5 e4 4. Qe2 Nf6 5. Nc3 Bf5 6. Nd4 Bg6 7. d3 Bb4 8.
dxe4 Bxc3+ 9. bxc3 O-O 10. f3 Re8 11. Be3 Qe7 12. Kf2 Qa3 13. c4 c6 14. g3 cxd5
15. cxd5 Nbd7 16. c4 Nb6 17. Qc2 Nfxd5 18. cxd5 Nxd5 19. Qb3 Qxb3 20. axb3 Nxe3
21. Kxe3 a6 22. Bc4 Kf8 23. h4 h5 24. Bd5 Rab8 25. Rhc1 Rec8 26. f4 f6 27. f5
Bf7 28. Bxf7 Kxf7 29. Ne6 g6 30. Kd2 gxf5 31. exf5 Rg8 32. Rc7+ Ke8 33. Re1
Rxg3 34. Nc5+ Kf8 35. Ree7 Rd8+ 36. Kc2 Kg8 37. Ne6 Rb8 38. Rg7+ Rxg7 39. Rxg7+
Kh8 40. Rg6 Rc8+ 41. Kb2 Rc6 42. Rxf6 Kh7 43. Rf7+ Kh6 44. Rxb7 Rd6 45. Rc7
Rd2+ 46. Ka3 Rd5 47. Rc5 Rd6 48. Ng5 Kg7 49. Rc4 Rd5 50. Rf4 Kf6 51. b4 Rxf5
52. Rxf5+ Kxf5 53. Ka4 Kg4 54. Ne4 Kxh4 55. Nf6 Kg5 56. Nxh5 Kxh5 57. Ka5 Kg5
58. Kxa6 Kf6 59. Ka7 Ke6 60. b5 Kd7 61. b6 Kc8 62. b7+ Kc7 63. b8=Q+ Kc6 64.
Qb6+ Kd5 65. Ka6 Ke4 66. Qc5 Kf4 67. Qd5 Ke3 68. Qc4 Kf3 69. Qd4 Ke2 70. Qc3
Kf2 71. Qd3 Kg2 72. Qe3 Kh2 73. Qg5 Kh3 74. Kb5 Kh2 75. Kc4 Kh1 76. Kd4 Kh2 77.
Ke3 Kh3 78. Kf2 Kh2 79. Qg2# {Normal} 1-0

[Event "Rated Blitz game"]
[Site "?"]
[Date "2021.05.02"]
[Round "?"]
[White "mollusque01"]
[Black "MirajaneStrauss"]
[Result "0-1"]
[WhiteElo "2363"]
[BlackElo "2432"]
[PlyCount "46"]
[EventDate "2021.??.??"]
[EventType "blitz"]

1. e4 e5 2. Nf3 d5 3. exd5 Bd6 4. Nc3 Nf6 5. Bb5+ c6 6. dxc6 bxc6 7. Be2 e4 8.
Ng5 Bf5 9. O-O h6 10. Nh3 O-O 11. d3 Bxh3 12. gxh3 Re8 13. dxe4 Nxe4 14. Nxe4
Rxe4 15. Bf3 Re6 16. Re1 Rg6+ 17. Kh1 Nd7 18. Bxc6 Rc8 19. Be4 Rf6 20. Be3 Ne5
21. c3 Qd7 22. Bd4 Qxh3 23. Re3 Nf3 {Normal} 0-1